Rzeczowniki na literę Ł - Statystyki

Ogólne statystyki
  • Ten quiz został rozwiązany 77 razy
  • Średni wynik to 27 z 50
Statystyki odpowiedzi
Odpowiedź % Poprawnych
ławka
96%
łoś
94%
łuk
88%
łyżka
88%
ład
86%
łapa
82%
łów
82%
łódź
80%
łania
78%
łom
78%
łopata
76%
łata
74%
łup
74%
łza
74%
łąka
72%
łeb
72%
łotr
72%
łaska
70%
łuska
70%
łabędź
68%
łyk
68%
łyżwy
68%
łach
62%
łono
56%
łydka
54%
łodyga
52%
ławica
50%
łosoś
48%
łuna
48%
ładowarka
44%
łącze
42%
łamigłówka
42%
łazienka
42%
łobuz
42%
łupież
42%
łokieć
40%
łatwość
38%
łaskotki
34%
łyżwiarstwo
34%
łacina
32%
łazanki
32%
łuszczyca
28%
łysina
28%
łamaga
26%
łańcuch
22%
łakomstwo
18%
łapówka
12%
łajno
8%
łupka
8%
łatwowierność
2%
Nie znaleziono quizów pasujących do podanych kryteriów
Rozkład punktacji
Procent ludzi z każdym wynikiem
Percentyl według liczby udzielonych odpowiedzi
Twoja historia wyników
Nie rozwiązałeś tego quizu